| 000 | 00993cam a22001814a 4500 | ||
|---|---|---|---|
| 005 | 20250605164213.0 | ||
| 008 | 250528s ||||||||||||||||||||||||d | ||
| 035 | _a20378 | ||
| 040 |
_aGR-AtMCL _bgre _dGR-AtMCL _eAACR2 |
||
| 245 | 1 | _aΗ Ρωσική Πρωτοπορία / Προεπαναστατική και Επαναστατική Τέχνη στη Ρωσία, 1863-1922 | |
| 260 |
_bΥποδομή, _c1987 |
||
| 300 | _a352 | ||
| 520 | _aΜε προσθήκες από την αναθεωρημένη κάτω από τη γενική εποπτεία της Μάριαν Μπέρλη-Μότλυ αγγλική έκδοση του 1986. Πρόλογος στην Ελληνική Έκδοση, Εισαγωγή στη Νέα Έκδοση, Εισαγωγή, 1860-90, 1890-1905, 1905-10, 1909-11, 1912-21, 1921-2, Σημειώσεις, Βιβλιογραφία, Ευρετήριο. | ||
| 700 | 1 |
_aΓκραίη Καμήλα _96362 |
|
| 942 | _cBK | ||
| 999 |
_c5493 _d5493 |
||